<?xml version="1.0" encoding="UTF-8"?>
<record
    xmlns:xsi="http://www.w3.org/2001/XMLSchema-instance"
    xsi:schemaLocation="http://www.loc.gov/MARC21/slim http://www.loc.gov/standards/marcxml/schema/MARC21slim.xsd"
    xmlns="http://www.loc.gov/MARC21/slim">

  <leader>01242nam a2200349 i 4500</leader>
  <controlfield tag="001">196158</controlfield>
  <controlfield tag="003">RBPG</controlfield>
  <controlfield tag="005">20250507063024.0</controlfield>
  <controlfield tag="007">ta</controlfield>
  <controlfield tag="008">240816s2021    sp ||||e |||| 00| 0dglg d</controlfield>
  <datafield tag="017" ind1=" " ind2=" ">
    <subfield code="a">C 699-2021</subfield>
    <subfield code="b">Oficina Dep&#xF3;sito Legal Coru&#xF1;a</subfield>
  </datafield>
  <datafield tag="020" ind1=" " ind2=" ">
    <subfield code="a">9788412357622</subfield>
  </datafield>
  <datafield tag="035" ind1=" " ind2=" ">
    <subfield code="a">1984957</subfield>
  </datafield>
  <datafield tag="040" ind1=" " ind2=" ">
    <subfield code="b">glg</subfield>
    <subfield code="a">BPC</subfield>
    <subfield code="c">ES-MaACL</subfield>
  </datafield>
  <datafield tag="080" ind1=" " ind2=" ">
    <subfield code="2">2015</subfield>
    <subfield code="a">32 Fraga Iribarne, Manuel</subfield>
  </datafield>
  <datafield tag="080" ind1=" " ind2=" ">
    <subfield code="2">2015</subfield>
    <subfield code="a">32 (460. 11) "1975 /. . . "</subfield>
  </datafield>
  <datafield tag="080" ind1=" " ind2=" ">
    <subfield code="a">821.134.4-94"20"</subfield>
  </datafield>
  <datafield tag="100" ind1="1" ind2=" ">
    <subfield code="a">Conde, Alfredo, </subfield>
    <subfield code="d">1945-</subfield>
    <subfield code="9">173663</subfield>
    <subfield code="e">aut</subfield>
  </datafield>
  <datafield tag="245" ind1="1" ind2="0">
    <subfield code="a">En canto a Fraga</subfield>
    <subfield code="c">/ Alfredo Conde.</subfield>
  </datafield>
  <datafield tag="260" ind1=" " ind2=" ">
    <subfield code="a">Santiago de Compostela :</subfield>
    <subfield code="b">Ensenada de &#xC9;zaro, </subfield>
    <subfield code="c">2021.</subfield>
  </datafield>
  <datafield tag="300" ind1=" " ind2=" ">
    <subfield code="a">211 p. :</subfield>
    <subfield code="c">24 cm.</subfield>
  </datafield>
  <datafield tag="336" ind1=" " ind2=" ">
    <subfield code="a">texto</subfield>
    <subfield code="2">rdacontent</subfield>
  </datafield>
  <datafield tag="337" ind1=" " ind2=" ">
    <subfield code="a">sin mediaci&#xF3;n</subfield>
    <subfield code="2">rdamedia</subfield>
  </datafield>
  <datafield tag="338" ind1=" " ind2=" ">
    <subfield code="a">volumen</subfield>
    <subfield code="2">rdacarrier</subfield>
  </datafield>
  <datafield tag="600" ind1="1" ind2="7">
    <subfield code="a">Fraga Iribarne, Manuel, </subfield>
    <subfield code="d">1922-2012</subfield>
    <subfield code="9">193721</subfield>
    <subfield code="2">embne</subfield>
  </datafield>
  <datafield tag="651" ind1=" " ind2="0">
    <subfield code="a">Galicia- </subfield>
    <subfield code="x">Pol&#xED;tica y gobierno- </subfield>
    <subfield code="y">1975-</subfield>
    <subfield code="9">238397</subfield>
  </datafield>
  <datafield tag="852" ind1=" " ind2=" ">
    <subfield code="a">ES-MaACL</subfield>
    <subfield code="b">R.153231</subfield>
    <subfield code="c">DEPOJ</subfield>
    <subfield code="j">N-9226</subfield>
    <subfield code="h">Donaci&#xF3;n: Editorial</subfield>
    <subfield code="x">Encuadernaci&#xF3;n r&#xFA;stica con solapas</subfield>
    <subfield code="9">205187</subfield>
  </datafield>
  <datafield tag="942" ind1=" " ind2=" ">
    <subfield code="n">0</subfield>
    <subfield code="c">MONOGRAFIA</subfield>
  </datafield>
  <datafield tag="999" ind1=" " ind2=" ">
    <subfield code="c">196158</subfield>
    <subfield code="d">196158</subfield>
  </datafield>
  <datafield tag="952" ind1=" " ind2=" ">
    <subfield code="0">0</subfield>
    <subfield code="1">0</subfield>
    <subfield code="2">udc</subfield>
    <subfield code="4">0</subfield>
    <subfield code="7">0</subfield>
    <subfield code="a">ATENEOM</subfield>
    <subfield code="b">ATENEOM</subfield>
    <subfield code="c">DEPOJ</subfield>
    <subfield code="d">2025-05-05</subfield>
    <subfield code="e">DONACION</subfield>
    <subfield code="l">0</subfield>
    <subfield code="o">N-9226</subfield>
    <subfield code="p">101229964</subfield>
    <subfield code="r">2025-05-05 00:00:00</subfield>
    <subfield code="w">2025-05-05</subfield>
    <subfield code="y">MONOGRAFIA</subfield>
  </datafield>
</record>
